|
|
|
|
| LEADER |
01344nam a22003494a 4500 |
| 001 |
41457 |
| 003 |
BD-DhAAL |
| 005 |
20231009105707.0 |
| 008 |
231009t2000 maua b 001 0beng d |
| 010 |
|
|
|a 00105200
|
| 020 |
|
|
|a 0738202754 (hardcover : alk. paper)
|
| 020 |
|
|
|a 9780738202754
|
| 040 |
|
|
|a DLC
|c DLC
|d DLC
|d BD-DhAAL
|
| 042 |
|
|
|a pcc
|
| 043 |
|
|
|a n-us---
|
| 050 |
0 |
0 |
|a HB119.G74
|b M37 2000
|
| 082 |
0 |
0 |
|a 332.112092
|
| 100 |
1 |
|
|a Martin, Justin.
|9 55673
|
| 245 |
1 |
0 |
|a Greenspan :
|b the man behind money /
|c Justin Martin.
|
| 246 |
3 |
|
|a Man behind money
|
| 264 |
|
|
|a Cambridge, Mass. :
|b Perseus Pub.,
|c c2000.
|
| 300 |
|
|
|a xviii, 284 pages :
|b illustrations ;
|c 24 cm.
|
| 504 |
|
|
|a Includes bibliographical references and index.
|
| 541 |
|
|
|a Donated By Akbar Ali Khan
|e 41457
|
| 600 |
1 |
0 |
|a Greenspan, Alan,
|d 1926-
|9 47865
|
| 610 |
2 |
0 |
|a Board of Governors of the Federal Reserve System (U.S.)
|9 54397
|
| 650 |
|
0 |
|a Government economists
|z United States
|v Biography.
|9 47866
|
| 650 |
|
0 |
|a Monetary policy
|z United States.
|
| 852 |
|
|
|a Ayesha Abed Library
|c Akbar Ali Khan Collection
|
| 942 |
|
|
|2 ddc
|c BK
|
| 999 |
|
|
|c 46213
|d 46213
|
| 952 |
|
|
|0 0
|1 0
|2 ddc
|4 0
|6 332_112092000000000_MAR
|7 1
|9 74539
|a BRACUL
|b BRACUL
|c AAKC
|d 2023-10-09
|e Donated By Akbar Ali Khan
|g 3084.00
|l 0
|o 332.112092 MAR
|p 3010041457
|r 2023-10-09
|t 1
|w 2023-10-09
|y BK
|x USD 28.00
|